Dream your way to success: (Record no. 14138)

000 -LEADER
fixed length control field 00831nam a2200229 a 4500
001 - CONTROL NUMBER
control field :::00011962$&:&@@
003 - CONTROL NUMBER IDENTIFIER
control field OkBaRHE
005 - DATE AND TIME OF LATEST TRANSACTION
control field 20000607103414.0
008 - FIXED-LENGTH DATA ELEMENTS--GENERAL INFORMATION
fixed length control field s1980 j 000 0 eng u
020 ## - INTERNATIONAL STANDARD BOOK NUMBER
International Standard Book Number 0882704079
040 ## - CATALOGING SOURCE
Transcribing agency
100 1# - MAIN ENTRY--PERSONAL NAME
Personal name Kennedy, Nell L.
245 10 - TITLE STATEMENT
Title Dream your way to success:
Remainder of title the story of Dr. Yonggi Cho and Korea.
260 ## - PUBLICATION, DISTRIBUTION, ETC. (IMPRINT)
Place of publication, distribution, etc Plainfield, NJ., :
Name of publisher, distributor, etc Logos International
Date of publication, distribution, etc c1980
300 ## - PHYSICAL DESCRIPTION
Extent 248 p. : illus. ;
Dimensions 21 cm.
650 ## - SUBJECT ADDED ENTRY--TOPICAL TERM
Topical term or geographic name as entry element Cho, Yong-gi, 1936-
650 ## - SUBJECT ADDED ENTRY--TOPICAL TERM
Topical term or geographic name as entry element Clergy
General subdivision Korea
-- Biography
650 ## - SUBJECT ADDED ENTRY--TOPICAL TERM
Topical term or geographic name as entry element Pentecostal churches
General subdivision Clergy
-- Biography
942 ## - ADDED ENTRY ELEMENTS (KOHA)
Source of classification or shelving scheme
Koha item type Books
Copies
Source of classification or shelving scheme Not for loan Date acquired Date last seen Shelving location Damaged status Barcode Permanent Location Price effective from Withdrawn status Lost status Koha item type Copy number Full call number
  2010-04-142010-04-14General Stacks 11962RHEMA Bible Training College2010-04-14  Books1BX 8762 .Z8C484
  2010-04-142010-04-14General Stacks 16979RHEMA Bible Training College2010-04-14  Books2BX 8762 .Z8C484